Kí sinh trùng và bệnh kí sinh trùng ở gia súc, gia cầm (Tài liệu phổ thông)
Αποθηκεύτηκε σε:
| Κύριος συγγραφέας: | |
|---|---|
| Μορφή: | Βιβλίο |
| Γλώσσα: | Undetermined |
| Έκδοση: |
Hà Nội
Nông Nghiệp
1977
|
| Θέματα: | |
| Ετικέτες: |
Προσθήκη ετικέτας
Δεν υπάρχουν, Καταχωρήστε ετικέτα πρώτοι!
|
| Thư viện lưu trữ: | Trung tâm Học liệu Trường Đại học Cần Thơ |
|---|
| LEADER | 00591nam a2200181Ia 4500 | ||
|---|---|---|---|
| 001 | CTU_13991 | ||
| 008 | 210402s9999 xx 000 0 und d | ||
| 082 | |a 636.089696 | ||
| 082 | |b Th312k | ||
| 100 | |a Trịnh Văn Thịnh | ||
| 245 | 0 | |a Kí sinh trùng và bệnh kí sinh trùng ở gia súc, gia cầm (Tài liệu phổ thông) | |
| 245 | 0 | |c Trịnh Văn Thịnh | |
| 260 | |a Hà Nội | ||
| 260 | |b Nông Nghiệp | ||
| 260 | |c 1977 | ||
| 650 | |a veterinary parasitology | ||
| 904 | |i Minh, 961219 | ||
| 980 | |a Trung tâm Học liệu Trường Đại học Cần Thơ | ||